[Event "2013 Battle of Alberta"]
[Site "Red Deer"]
[Date "2013.09.07"]
[Round "2.9"]
[White "Miller, David"]
[Black "Tam, Erik"]
[Result "0-1"]
[WhiteElo "2147"]
[BlackElo "2204"]
[Annotator "John Upper"]
[PlyCount "36"]
[EventDate "2013.09.07"]
[EventType "team-match"]
[EventCountry "CAN"]

1. e4 e5 2. Nf3 Nc6 3. Bb5 Bc5 4. Nxe5 {Diagram [#]I suppose a properly
respectable annotator would attach a "?!" to White's last move, and write
something like: 'with his last move White gives up any hope for an advantage'.
But I'm not going to write that because I don't know a way for White to get
more of an advantage through normal moves (4.00, 4.c3) than White gets in this
line.  Ivan Sokolov's "The Ruy Lopez Revisited" (New in Chess, 2009), has 60
pages dedicated to the Classical Variation (3...Bc5), and despite the fact
that it's written from Black's point of view, it  doesn't even mention 4.Nxe5.
FWIW at 20 ply, Houdini rates this position as insignificantly better for
White after either 4...Qe7 or 4...Nxe5.} Qg5 {Developing with tempo and
keeping the pieces on is the most fighting response.} (4... Nxe5 5. d4 c6 6.
Be2 Bd6 (6... Bb4+ $5 7. c3 Bd6) 7. dxe5 Bxe5 8. Nd2 (8. f4 $5 Bc7 9. Nc3 d6 {
with a more space and easier development.}) 8... Bc7 9. Nf3 $11 {0-1 (53)
Magem Badals,J (2528)-Timman,J (2650) Pamplona, 1999.}) 5. Ng4 h5 $5 (5...
Bxf2+ 6. Nxf2 Qxb5 7. Nc3 Qa5 $14) (5... Qg6 6. O-O d6 7. Ne3 Bxe3 8. fxe3 Nf6
9. d3 Bg4 10. Qe1 $16 {1-0 (31) Magem Badals,J (2505)-Carretero Ortiz,F Spain,
1993.}) 6. d4 $2 (6. Bxc6 $142 dxc6 7. d4 Bxg4 (7... Qxg4 8. Qxg4 $8 Bxg4 (8...
Bb4+ 9. c3 $14) 9. dxc5 O-O-O 10. O-O Nf6 11. Nc3 Rhe8 12. f3 Be6 13. Be3 $16 {
1-0 (62) Afanasyeva,A-Zakurina,M EU Girls U10 Championship, Budva, 2013.}) 8.
Bxg5 Bxd1 9. dxc5 (9. Nc3 Bxd4) 9... Bxc2 10. Nc3 $14 {looks like White has a
very good version of the Berlin Endgame.}) 6... Bb4+ $1 7. c3 Qxb5 $15 {
Diagram [#]} 8. cxb4 $2 (8. a4 $8 {White has only one pawn for the piece, but
has a big lead in development and tactical chances against Black's off-side Q:}
Qa6 $1 (8... Qa5 9. Ne3 Bf8 $1 (9... Be7 $2 10. Nd5 $1 $14 Nf6 (10... Bd8 11.
b4 $16) 11. b4 Nxb4 12. Nxe7 Kxe7 13. Ba3 $36) 10. Nd5 Nf6 $8 (10... Kd8 11.
Bf4 d6 12. b4 $18) 11. b4 Nxb4 $8 12. cxb4 Bxb4+ 13. Nxb4 Qxb4+ 14. Qd2 Qxd2+
15. Nxd2 $15 {White's center is some comp, but not enough.}) 9. cxb4 Nxb4 $1 (
9... hxg4 10. b5 $13) 10. Ne5 $8 d6 11. Qb3 (11. Nxf7 Nd3+ $15) 11... dxe5 12.
Qxb4 Ne7 $15) 8... hxg4 $19 {Black is up a piece for a pawn and the rest is
suffering for White. The remaining moves are probably explained by the fact
that nobody likes to resign early in a team event.} 9. Qxg4 Nxd4 10. Nc3 Qd3
11. Bd2 (11. Qxg7 Nc2#) 11... Kf8 12. Qg5 Ne6 13. Qf5 Ne7 14. Qg4 d6 15. h4 Nd4
16. Qf4 Nc2+ 17. Kd1 Nxa1 18. Kc1 {Both FIDE and the CFC allow assissted
suicide.} Qc2# 0-1

[Event "2013 Battle of Alberta"]
[Site "Red Deer"]
[Date "2013.09.07"]
[Round "2.10"]
[White "Shi, Diwen"]
[Black "Ottosen, David"]
[Result "1-0"]
[WhiteElo "2140"]
[BlackElo "2067"]
[Annotator "John Upper"]
[PlyCount "55"]
[EventDate "2013.09.07"]
[EventType "team-match"]
[EventCountry "CAN"]

1. e4 e6 2. d4 d5 3. Nc3 Nf6 4. Bg5 Be7 5. e5 Nfd7 6. h4 {Diagram [#]The
Alekhine-Chatrad attack.   If you're familiar with only the classic games, you
might be surprised by how many different moves world-class players have tried
here. In addition to the two most common moves (...a6 and ...Bxg5) there are: .
..c5, ...h6, ...00, and the currently hottest ...Nc6.} a6 (6... h6 $5 7. Be3 c5
8. Qg4 g6 (8... Rg8 $5 9. Bxh6 cxd4 10. Nb5 Nxe5 11. Qg3 Nbc6 12. O-O-O) 9.
O-O-O Nc6 10. Nf3 cxd4 11. Bxd4 a6 12. Bd3 Nxd4 13. Qxd4 Nc5 $11 {0-1 (42)
Baghdasaryan,V (2414)-Gleizerov,E (2567) Riga 2013}) ({Quality Chess's
forthcoming "Playing the French" gives this analysis:} 6... c5 $1 7. Bxe7 $1
Kxe7 $1 8. Qg4 (8. dxc5 Nxe5 $1 9. Qe2 $1 Nbc6 10. O-O-O Qa5 $1 11. Kb1 Kf8 12.
f4 Nc4 $1 $132 {[%csl Rb2][%cal Rc4b2]}) 8... Nc6 $1 9. dxc5 Kf8 $1 10. Nf3
Ndxe5 11. Nxe5 Nxe5 12. Qg3 Nd7 $1) 7. Qg4 f5 (7... Bxg5 8. hxg5 c5 9. g6 f5
10. Qf4 (10. Qg3 h6 $13 {1-0 (57) Khalifman,A (2515)-Gurevich,M (2540) Moscow,
1987.}) 10... h6 11. Nce2 Nc6 12. Nf3 O-O 13. c3 $14 b5 $2 {(undefends the Nc6)
} 14. Rxh6 $3 gxh6 15. Qxh6 Qe7 16. g7 $1 Qxg7 17. Qxe6+ Kh8 18. Qxc6 Rb8 19.
dxc5 $18 {1-0 (36) Kotainy,J (2413)-Feygin,M (2538) Germany, 2013.}) (7... h5
$5 8. Qg3 g6 $14 9. Nf3 c5 10. dxc5 Nc6 11. Bxe7 Qxe7 12. Bd3 $14 {1-0 (46)
Vorobiov,E (2540)-Sambuev,B (2489) Moscow 2006}) 8. Qg3 (8. Qh5+ $142 $1 g6 9.
Qh6 Bxg5 (9... c5 10. Qg7 $18) (9... Bf8 10. Bxd8 Bxh6 11. Bxc7 $18) 10. hxg5
Qe7 11. Nh3 Qf8 12. Qh4 $1 c5 13. Nf4 $1 $16 Qf7 $2 (13... Qg8 $142) 14. O-O-O
cxd4 15. Ncxd5 $3 $18 exd5 16. e6 Qg8 17. Nxd5 Kd8 18. exd7 (18. Qf4 $142)
18... Qxd5 19. Rxd4 Qxa2 20. Ra4 Qe6 21. Qd4 $4 (21. dxc8=Q+ $18) 21... Qe1+ {
0-1 (21) Fischer,R-Bone,E Houston (simul), 1964.}) 8... c5 9. Nf3 Nc6 10. dxc5
Nxc5 11. Be2 b5 12. a3 Qc7 13. Bf4 {Diagram [#]} Kf8 $2 (13... O-O $1 {Of
course this looks dangerous (and it is), but it's better than leaving burrying
the Rh8.} {White's most direct attempt} 14. Bh6 {fails:} Rf7 (14... Bd8 $1) 15.
O-O-O (15. Ng5 $4 f4 16. Qg4 Nxe5 $19) 15... b4 $1 16. axb4 Ne4 $1 17. Nxe4
fxe4 18. Ng5 Bxg5+ 19. Bxg5 Nxb4 $17) 14. Rd1 Ne4 15. Nxe4 dxe4 16. Ng5 Nd8 (
16... h6 17. Nh3 g5 $2 {looks crazy (and is), but who would find the
refutation?} 18. hxg5 hxg5 19. Rh2 $3 $40 {(defending the R and threatening g5)
} (19. Bxg5 Qxe5) 19... gxf4 $140 20. Nxf4 Rxh2 (20... Rg8 21. Ng6+ Ke8 22. Bh5
$18) 21. Qxh2 $18 {White has a winning attack -- if necessary, he will even
have time for Kd2 then Rh1.}) 17. Rd2 Nf7 18. Bh5 g6 $2 {Diagram [#]Black's
bad dreams about a kingside mating attack are about to come true...} (18...
Nxg5 $142 {White is a bit better on either recapture.}) 19. Nxh7+ $1 $18 Rxh7
20. Qxg6 Rxh5 (20... Rg7 21. Bh6 Nxh6 22. Qe8#) 21. Qxh5 Bb7 22. Qg6 (22. Rh3
$1) 22... Qc6 23. h5 Rd8 24. Bh6+ Nxh6 25. Qxh6+ Kf7 26. Qh7+ Ke8 27. Qg8+ Bf8
28. Qg6+ 1-0

[Event "KW Labour Day Open 2013"]
[Site "Kitchener"]
[Date "2013.09.01"]
[Round "3"]
[White "Sambuev, Bator"]
[Black "Filipovich, David"]
[Result "1-0"]
[WhiteElo "2637"]
[BlackElo "2245"]
[Annotator "John Upper"]
[PlyCount "79"]
[EventDate "2013.09.??"]
[EventType "swiss"]
[EventRounds "6"]
[EventCountry "CAN"]

1. d4 g6 2. g3 Bg7 3. Bg2 d6 4. e4 Nd7 5. Ne2 e5 6. O-O Ne7 7. Nbc3 O-O 8. Be3
exd4 9. Bxd4 Ne5 10. h3 {Diagram [#]} a6 (10... N7c6 11. Be3 g5 (11... Nc4 12.
Bc1) 12. f4 Nc4 13. Bc1 gxf4 14. gxf4 Qh4 15. f5 Be5 16. Qd3 Nb6 $13 {and if
Nb5, Black has Nb4-a6; (1-0, 59) Nechepurenko,R (2402)-Papin,V (2440) Satka,
2005.}) 11. f4 c5 12. Bf2 N5c6 13. Qd2 Qc7 (13... b6 $5 14. Rad1 Ra7 15. g4 $14
(15. Qxd6 $140 $4 Rd7 $19)) 14. Rad1 Rd8 {Black has the wrong R on d8.} 15. g4
f5 16. gxf5 gxf5 {Diagram [#]} 17. Nd5 (17. Ng3 $5 {heading for h5 and keeping
more pieces on.}) 17... Nxd5 18. exd5 (18. Qxd5+ Qf7 (18... Kh8 19. Bh4 $1 (19.
exf5 $6 Ne7 $1)) 19. Qxf7+ Kxf7 20. Bh4 Rd7 $14) 18... Ne7 19. Ng3 Bd7 20. Nh5
Bh8 21. Bh4 Kf7 {Strange looking, but it's Black's best.} (21... Be8 22. Nf6+
Bxf6 $8 (22... Kg7 $2 23. Qc3 $18) 23. Bxf6 {I'd expect Black to get mated
here.}) 22. Bxe7 {That surprised me, but looking back at the game, it becomes
clear that White is playing to win the light squares, and this is a way to
trade a light square defender.} Kxe7 23. Rfe1+ Kf8 24. Re6 $1 {Diagram [#]A
really nice positional exchange sac, particularly so because White's offering
to let Black trade off a B which has no active prostpects. But as someone said:
"Bad Bs defend good pawns"...} Be8 ({There's no outright refutation if Black
takes the R, but it's a positional sac that eliminates a light-square defender
and makes it very likely Black will lose the Pf5.} 24... Bxe6 25. dxe6 Ke7 26.
Ng3 $36 (26. Qd5 $143 Rg8 27. Qxf5 (27. Kh2 $2 Qc6 $1 $17) 27... Rae8 28. Qxh7+
Kd8 $13 {Black's pieces are much more active than they were.}) (26. Kh2 $5 Kxe6
$2 27. Qd5+ Ke7 28. Qxf5 $18 {(/\Re1 and Qxh7)}) 26... Rf8 $140 27. Qd5 $16)
25. Ng3 Bg6 26. h4 $1 Qf7 27. Qe2 h6 (27... Bxb2 $2 28. h5 {traps the Bg6.})
28. c3 Re8 $6 29. h5 $1 $18 Bh7 {Diagram [#]} 30. Qf3 $1 (30. Bh3 $1 {Black's
Bs are barely more powerful than pawns. White can triple on the e-file and win
the Pf5 at leisure.}) 30... Rad8 (30... Rxe6 $2 31. dxe6 Qxe6 32. Qxb7 $18 {
Xa8 Xh7}) 31. Rxh6 Bf6 32. Bh3 Qg7 33. Rxh7 {Another light square defender
gone.} Qxh7 34. Bxf5 $18 {And a third light square defender is gone.} Qe7 35.
Be6 {Diagram [#]} Qh7 36. Kh1 Kg7 37. Ne4 Rf8 38. Rg1+ Kh8 39. Rg6 Be5 40. f5 (
40. f5 b5 41. Ng5 Qc7 42. Rh6+ Kg7 43. Rh7+ Kf6 44. Ne4# {Diagram [#]
Completing the theme: all White's mating pieces are attacking from light
squares!}) 1-0

[Event "KW Labour Day Open 2013"]
[Site "Kitchener"]
[Date "2013.09.03"]
[Round "6"]
[White "Sambuev, Bator"]
[Black "Pace, Christopher"]
[Result "1-0"]
[WhiteElo "2637"]
[BlackElo "2126"]
[Annotator "John Upper"]
[PlyCount "59"]
[EventDate "2013.09.??"]
[EventType "swiss"]
[EventRounds "6"]
[EventCountry "CAN"]

1. d4 Nf6 2. c4 e6 3. Nc3 d5 4. Bg5 Bb4 5. cxd5 exd5 6. e3 c6 7. Qc2 h6 8. Bh4
{Diagram [#]} O-O (8... Bxc3+ 9. bxc3 b6 10. Bd3 Bb7 11. Ne2 Nbd7 12. O-O g5
13. Bg3 Qe7 14. a4 a5 15. Rab1 O-O-O $4 16. c4 $1 $18 h5 17. cxd5 Nxd5 18. Rfc1
{Diagram [#]Critical Position} Nb4 19. Rxb4 axb4 20. Qxc6+ Bxc6 21. Ba6# {just
like in the tactics books.  Southam,Todd - Nock,D Ontario-Ch, 1993.}) 9. Bd3
Re8 10. Nge2 Nbd7 11. a3 Bd6 (11... Be7 12. O-O Nf8 13. b4 Ne4 14. Bxe7 Qxe7
15. Bxe4 dxe4 16. d5 Bd7 $1 17. Nd4 Rac8 18. dxc6 Bxc6 19. Rfc1 a6 $11 {1/2-1/
2 (33) Capablanca,J-Castillo,J Pinar del Rio, 1941.}) 12. g4 $5 g5 13. Bg3 Nf8
14. h3 Kg7 15. Qd2 $5 ({Why not simply} 15. O-O-O $14) 15... Ng6 16. Bxg6 fxg6
17. f3 Bxg3+ 18. Nxg3 Qd6 19. Kf2 Rf8 20. Kg2 $13 {Diagram [#] I don't think
White's creative kingside play has given him an advantage, and maybe ...Bd7
and ...c5 (/\...Bc6) would be good for Black.} Bd7 21. Rae1 Rae8 22. b4 h5 $1 {
[%csl Gh4][%cal Gh5h4,Rh4g3]} 23. Rhf1 hxg4 (23... h4 24. Nge2 Rf7 {there's a
hole on g3 and Black is ready for anything White can do in the center.} (24...
a5 $5)) 24. fxg4 Bxg4 $2 25. hxg4 Nxg4 26. Nd1 (26. e4 $142 $1 $16 dxe4 $140
27. Qxg5 Qxd4 28. Rxf8 Rxf8 29. Ncxe4 $18) 26... Rxf1 27. Nxf1 Rh8 28. Kg1 Rh2
$4 {Diagram [#]Critical Position  Black has just played 28 ...Rh2. What
happens if 29.Nxh2 Qg3+ !?} 29. Nxh2 Qg3+ 30. Kh1 (30. Kh1 Nxh2 {the only try}
31. Qf2 $8 $18 (31. Qxh2 $2 Qxe1+ 32. Qg1 Qe2 $44) (31. Rg1 $4 Qxg1+ $19)) 1-0

[Event "KW Labour Day Open 2013"]
[Site "Kitchener"]
[Date "2013.09.03"]
[Round "5"]
[White "Pace, Christopher"]
[Black "Jung, Hans"]
[Result "1-0"]
[WhiteElo "2126"]
[BlackElo "2292"]
[Annotator "John Upper"]
[PlyCount "87"]
[EventDate "2013.09.??"]
[EventType "swiss"]
[EventRounds "6"]
[EventCountry "CAN"]

1. e4 d5 2. Nc3 d4 3. Nce2 e5 4. d3 (4. Ng3 {is the main move, keeping open
the option of developing the Bf1 somewhere useful. White seems to be aiming
for a true reversed King's Indian, which can hardly be bad when you're a full
tempo up.}) 4... Bd6 5. g3 g5 $5 {Diagram [#] Black takes radical steps to
discourage a typical King's Indian (reversed) break with the f-pawn.} 6. Bg2 c5
7. h3 h6 8. Nf3 Be6 9. Nd2 Nc6 10. Nc4 Bc7 11. a4 b6 12. h4 g4 $13 {Diagram [#]
} 13. h5 {I don't undersand this move; it's not as though White can surround
and win the Pg4.} a6 14. Bd2 b5 15. axb5 axb5 16. Rxa8 Qxa8 17. Na3 Qa6 18. f4
gxf3 19. Bxf3 c4 $1 20. O-O c3 $1 21. Bc1 {Diagram [#]} b4 (21... Bd6 $1 {
(threatening ...cxb2)} 22. Nb1 b4 $1 $19 {and although White's Nb1 won't be
playing any more in this game, at least it's already set up for the next one.})
22. Nc4 Bxc4 23. dxc4 Qxc4 24. bxc3 bxc3 25. Bg4 Rh7 26. Kh2 Rg7 27. Ng1 {
Diagram [#]In principle, Black ought to be better since he has a space
advantage, but it's a difficult position to come up with a plan. Neither side
has any weak points which can be atttacked more than they can be defended, and
I don't see any feasible pawn breaks. Maybe Black can lock the kingside with ..
.f6 and swing his R to the a-file!?} Rxg4 {I think this move could fairly be
given any of the usual chess punctuation marks: !!, !, !?, ?!, ?, or ??.    It
looks really strong: Houdini rates it as winning for Black... until it gets up
to 20 ply, when it rates it as =/+. But as far as I can tell (not very far,
even with computers) White just has enough activity to stay afloat.     The
down-side is practical: while both sides have to play really precisely to keep
the balance, White's moves (Q checks and forks) are easier to choose than
Black's.} 28. Qxg4 Qxf1 29. Qxg8+ Ke7 $6 (29... Kd7 $142 30. Qg4+ $1 $13 (30.
Bf4) (30. Bxh6 $2 Nb4 $19) 30... f5 $13) 30. Bxh6 (30. Qc8 $1 Qxc1 31. Qxc7+
Kf8 32. Qxc6 Qxc2+ 33. Kh3 $11 {Black can try to promote, but can't escape
White's checks.}) 30... Qf2+ 31. Kh1 {Diagram [#]Critical Position (hard) 
What follows below is mostly a lot of computer-checked variations with not
many words.   Personally, I prefer words: a concise verbal summary of the
essence of a position is much easier to understand than a mass of variations.
If there is a verbal explanation that adequately conveys the truth about this
complex position, unfortunately, I haven't found it.} Qxc2 $2 {The game shows
why ...Qxc2 loses.} (31... d3 $2 32. Qc8 $8 Bd8 33. Qb7+ $8 (33. Qxc6 $2 d2 $11
) 33... Kd6 34. Bf8+ Be7 (34... Ne7 35. Qd5+ Kc7 36. Qxd3 $18) 35. Bxe7+ Nxe7
36. Qa6+ Kc7 37. Qxd3 (37. Qc4+ $5 {may be an improvement: trying to force the
Black K further away.}) 37... Qd2 38. Ne2 Qxd3 39. cxd3 c2 $16 {White is close
to winning, but it's a N ending with a passed rook pawn.... :(}) (31... Bb6 $1
{keeps the Pf7 defended while making space for the Ke7 to get out of the
crossfire, and threatens ...d3.} 32. Bf8+ Kd7 33. Qg4+ Kd8 (33... Ke8 {this
cute move tries to avoid the tricky endgame lines below, but it doesn't seem
to work:} 34. Qg8 (34. h6 d3 35. Nh3 Qe1+ 36. Kg2 Qe2+ 37. Qxe2 dxe2 $19) 34...
Ne7 $5 35. Bxe7+ Kxe7 36. Qb8 $8 (36. Qg5+ Qf6 $19) 36... Qf6 (36... d3 $2 37.
Qxe5+ $11) 37. Kg2 d3 38. cxd3 Qf2+ 39. Kh3 Bd4 (39... Qf1+ 40. Kg4 $8 $11) (
39... Qxg1 40. Qxe5+ $11) 40. Qc7+ Ke6 (40... Kf8 $4 41. Qd8+ Kg7 42. Qg5+ Kf8
43. h6 $18) 41. Qc6+ $11) (33... Kc7 34. Qf3 $1 d3 35. Qxf2 Bxf2 36. cxd3 c2 {
Diagram [#]} 37. Ne2 $1 (37. Ba3 $2 {White needs the B to support Ph5-h6.} Be3
38. Ne2 Nd4 39. Nc1 Kd7 40. Kg2 Ke6 ({or} 40... Bh6 41. Kf1 Ke6 42. Ke1 Kf6 $19
) 41. Kf1 Bxc1 42. Bxc1 Nb3 $19 {the Black K is inside the square of the P.})
37... Be3 38. h6 $11 Nd4 39. h7 $8 Nxe2 40. Ba3 $8 Bc1 41. h8=Q $8 Bxa3 42.
Qxe5+ $11) 34. Qf3 {Diagram [#]} (34. Qd1 d3 35. Qxd3+ Ke8 36. Nh3 Qe1+ 37. Kg2
Qd2+ $19) 34... Qxf3+ {(simpler than the lines above, possbily because pulling
the N to f3 makes harder for White to fight for c1.)} (34... d3 35. Qxf2 Bxf2
36. cxd3 c2 37. Ne2 (37. Ba3 Be3 $19) (37. Bh6 Nd4 38. Bc1 Ke7 $1 $19 (38...
Bxg3 $2 39. h6 Bh4 40. h7 Bf6 41. Bg5 $3 $11)) 37... Nd4 38. Nc1 Be3 39. h6
Bxc1 40. h7 Bg5 $8 (40... Be3 $4 41. Ba3 $18) 41. h8=Q c1=Q+ $19 42. Kg2 Qc2+
43. Kh3 Qxd3 44. Bh6+ Kd7 45. Bxg5 Qf1+ 46. Kg4 Qf3+ 47. Kh3 Qh1+ $19 {I
wonder if Hans is kicking himself for not seeing this.}) 35. Nxf3 Ke8 36. Ba3 (
36. Bg7 d3 $1 37. cxd3 c2 38. Bh6 Ba5 39. Kg2 Bc3 40. Kf2 Bb2 41. Ke2 c1=Q 42.
Bxc1 Bxc1 $19) 36... d3 37. cxd3 Be3 38. g4 f6 $1 $19) 32. Bf8+ $1 $18 Kd7 33.
Qg4+ $1 Ke8 34. h6 $1 {Diagram [#]} Kxf8 ({If both sides race to promote,
Black gets mated:} 34... d3 35. h7 d2 36. h8=Q Qd1 37. Bc5#) (34... Bd8 {is
tougher, but still inadequate:} 35. Bc5 $1 (35. h7 $2 Bf6 $8 36. Bg7 Bxg7 37.
Qxg7 Qxe4+ 38. Kh2 Qc2+ $8 39. Kh3 Qf5+ 40. Kh4 Kd7 41. h8=Q Ne7 $1 {...Ng6+
will cost White a Q, but after} 42. Nf3 $1 $11 {Black's K is too exposed to
win.}) 35... Qb1 36. Qg8+ $8 Kd7 37. Qxf7+ Kc8 38. Qe6+ Kb7 39. Qd7+ Bc7 40. h7
$8 $18 (40. Bd6 $2 Qxe4+ $11) 40... Qxe4+ 41. Kh2 c2 42. h8=Q c1=Q 43. Qhc8#)
35. h7 d3 36. h8=Q+ {White has faster ways to win, but he gets the job done.}
Ke7 37. Qg5+ Kd7 38. Qf5+ Kd6 39. Qf8+ Ne7 40. Qf6+ Kc5 41. Q8xe7+ Kd4 42. Qb4+
Ke3 43. Qg5+ Kf2 44. Qc5+ 1-0